=LDR 00000nam 2200000 4500 =001 INLIS000000000004241 =005 20130612092520 =008 ***********************************Ind** =035 ##$$0010-061300000004241 =041 ##$$a Ind =082 ##$$a 959.82 =090 ##$$a 959.82, Par a =100 ##$$a PURBACARAKA =245 ##$$a Agastya di Nusantara / oleh Purbacaraka. -- Cet.1. -- =260 ##$$a 1992 $b Jakarta : Yayasan Obor Indonesia =300 ##$$a 161 hlm. ; 21 cm =650 ##$$a Jawa - Sejarah - Jawa Hindu =850 ##$$a NBPNMAT